| 000 | 01934nam a2200373 a 4500 | ||
|---|---|---|---|
| 003 | DO-SdBNP | ||
| 005 | 20230906133918.0 | ||
| 007 | ta | ||
| 008 | 091113s1994 dr a c 000 0 spa d | ||
| 040 |
_aDO-SdBNP _bspa _cBNPHU _erda |
||
| 082 |
_axxxx _bxxxx _222 |
||
| 100 |
_aGonzález, Sarah _929274 |
||
| 245 | 1 | 0 |
_aMatemática y ciencias naturales : _blibro del alumno, 8vo. grado / _cSarah González, Dulce Rodríguez y Eduardo Luna, Miledys Alberto, Andrés Molina y otros |
| 264 | 1 |
_aSanto Domingo : _bSecretaria de Estado de Educación Bellas Artes y Cultos, _bPUCMM, _bEDUCA, _bPIPE, _c1994. |
|
| 300 |
_a107 libros _bilustraciones _c27 cm. |
||
| 336 |
_2rdacontent _atexto _btxt |
||
| 337 |
_2rdamedia _asin mediación _bn |
||
| 338 |
_2rdacarrier _avolumen _bnc |
||
| 500 | _a8vo. grado | ||
| 505 | 0 |
_gMatemática -- _tNúmeros enteros -- _tNúmeros racionales -- _tEcuaciones -- _tEstadística _tProbabilidades -- _tGeometría -- _tMediciones -- |
|
| 505 | 0 |
_gCiencias naturales _gUnidad 1 _tElementos que se encuentran en la naturaleza -- _gUnidad 2 _tComposición química de los seres vivos -- _gUnidad 3 _tLas maquinas físicas -- _gUnidad 4 _tFundamentos de mecánica -- _gUnidad 5 _tLa energía, formas y transformaciones -- _gUnidad 6 _tAplicaciones de la fisica moderna -- _gUnidad 7 _tNutrición -- _gUnidad 8 _tReproducción humana -- _gUnidad 9 _tFunciones de relación / |
|
| 590 | _aInventariado, 2023/ YL | ||
| 700 | 1 | 2 |
_aRodríguez Dulce. _929275 _eautora |
| 700 | 2 |
_aLuna, Eduardo _925917 _eautor |
|
| 700 | 1 | 2 |
_aAlberto, Miledys _eautora _984066 |
| 700 | 1 | 2 |
_aMolina, Andrés _eautor _9340 |
| 700 | 1 | 2 |
_aLirio, Berlina _eautora _984067 |
| 700 | 1 | 2 |
_aValdez, Manuel _eautor _946323 |
| 700 | 1 | 2 |
_aGonzález, Maria del Mar _eautora _984068 |
| 710 |
_aPontificia Universidad Católica Madre y Maestra (PUCMM) _983945 |
||
| 710 |
_aAcción Empresarial por la Educación (EDUCA) _984069 |
||
| 910 | _aYLockward | ||
| 942 |
_2ddc _cLBS1 |
||
| 999 |
_c12223 _d12223 |
||